MARC

LEADER 00000nam0a2200000 4500
001 131477
005 20231031134504.0
010 |a 5020246174 
020 |a RU  |b 91-48173 
035 |a (RuTPU)RU\TPU\book\142401 
090 |a 131477 
100 |a 20080219d1991 m a0rusy5003 ca 
101 0 |a rus 
102 |a RU 
105 |a a z 001zy 
200 1 |a Распределенная обработка информации в научных исследованиях  |f И. А. Кузьмин, В. А. Путилов, В. В. Фильчаков  |g Институт информатики и математического моделирования технологических процессов Кольского научного центра ; Академия наук СССР (АН СССР), Кольский научный центр (КолНЦ) 
210 |a Ленинград  |c Наука  |d 1991 
215 |a 304 с.  |c ил. 
320 |a Библиогр.: с. 297-302. 
610 1 |a информация 
610 1 |a обработка 
610 1 |a вычислительные машины 
610 1 |a распределенная обработка 
610 1 |a научные исследования 
610 1 |a информационное обеспечение 
610 1 |a автоматизированные системы 
686 |a Ч215.31  |2 rubbk 
700 1 |a Кузьмин  |b И. А.  |g Игорь Александрович 
701 1 |a Фильчаков  |b В. В.  |g Владимир Васильевич 
701 1 |a Путилов  |b В. А.  |g Владимир Александрович 
712 0 2 |a Академия наук СССР (АН СССР)  |b Институт информатики и математического моделирования технологических процессов (ИИММ)  |c (Апатиты)  |2 stltpush  |3 (RuTPU)RU\TPU\col\15667 
801 0 |a RU  |b RuMRKP  |c 19950417  |g psbo 
801 1 |a RU  |b 63413507  |c 20080219  |g PSBO 
801 2 |a RU  |b 63413507  |c 20100304  |g PSBO 
942 |c BK